000
00260nam a22001217a 4500
008
171102b xxu||||| |||| 00| 0 eng d
041
_a
eng
080
_a
339.138
100
_a
60
101
_a
MAR
245
_a
MARKETING RESEARCH
_c
BOYD,H,W
942
_2
udc
_c
BK
999
_c
37355
_d
37355